000 00414nam a22001697a 4500
003 OSt
005 20211118142140.0
008 211118b |||||||| |||| 00| 0 eng d
020 _a812591367
040 _cHU
082 _a370.954/AGG
100 _aJ C AGGARWAL
_914684
245 _aDEVELOPMENT AND PLANNING OF MODERN EDUCATION
260 _aNEW DELHI
_bVIKAS
_c2004
300 _a560P
942 _2ddc
_cBOOKS
_n0
999 _c19038
_d19038